000 01443nam0a2200385 4500
001 RU\NLR\bibl\795363
005 20260406112703.0
010 _a5-8138-0647-4
_bв обл.
_915000
021 _aRU
_b2005-425
_922
035 _a(NLR Aleph) 000784566
035 _aRSL-KNO-002563023
090 _a1083307
_c1083307
100 _a20050131d2005 |||y0rusy50 ca
101 0 _arus
102 _aRU
105 _aa |||||||||
106 _ar
200 1 _aЗеркало
_e[стихи и сказка
_eдля дошк. и мл. шк. возраста]
_fС. Михалков
_g[худож. С. Самсоненко]
210 _aСмоленск
_cРусич
_d2005 (печ. 2004)
_gГУП Смол. полигр. комб.
215 _a29, [2] с.
_cцв. ил.
_d17
225 1 _aКнижка-малышка
610 0 _aДетская литература
686 _aШ9(2)6=Р70я44
_2rubbk
686 _aШ9(2)60=Р7я44
700 1 _4070
_8rus
_7ca
_aМихалков
_bС. В.
_cписатель
_f1913-2009
_gСергей Владимирович
_3RU\NLR\AUTH\7792
_9110194
702 1 _4040
_8rus
_7ca
_aСамсоненко
_bС.
_cхудожник
_gСергей
_3RU\NLR\AUTH\77104919
_987844
801 0 _aRU
_bRuMoRKP
_c20050131
_grcr
801 1 _aRU
_bRuMoRGB
_c20050131
801 2 _aRU
_bNLR
_c20050504
_gPSBO
942 _cBOOK
980 _aNB